000 00887cam a2200253 i 4500
001 13925
003 BD-RjUL
005 20211208235534.0
008 140203s1974 gw a b 001 0 eng
020 _a0120913010 (v. 1) (Academic Press)
035 _a(BD-RjUL)13977
040 _aDLC
_cDLC
_dDLC
_dBD-RjUL
_beng
041 1 _aengger
082 0 0 _a543
_219
_bMET 1974
245 1 0 _aMethods of enzymatic analysis /
_cedited by Hans Ulrich Bergmeyer, in collaboration with Karlfried Gawehn.
_nVolume 1
250 _a2d English ed. /
260 _aWeinheim :
_bVerlag Chemie ;
_aNew York :
_bAcademic Press,
_c1974.
300 _aVarious pages :
_bill. ;
_c24 cm.
504 _aIncludes bibliographical references and index.
650 0 _aEnzymatic analysis
_xLaboratory manuals.
_943528
700 1 _aBergmeyer, Hans Ulrich,
_943529
942 _2ddc
_cBK
999 _c13925
_d13925